Environmental sanitation, wastewater treatment and disposal (Record no. 496)

000 -LEADER
fixed length control field 00680nam a22002417a 4500
001 - CONTROL NUMBER
control field 496
003 - CONTROL NUMBER IDENTIFIER
control field BD-DhUET
008 - FIXED-LENGTH DATA ELEMENTS--GENERAL INFORMATION
fixed length control field 140722b xxu||||| |||| 00| 0 eng d
020 ## - INTERNATIONAL STANDARD BOOK NUMBER
International Standard Book Number 9789848920169
040 ## - CATALOGING SOURCE
Transcribing agency 0
Modifying agency BD-DhUET
082 ## - DEWEY DECIMAL CLASSIFICATION NUMBER
Classification number 628
Item number TAN / 2013
100 ## - MAIN ENTRY--PERSONAL NAME
Personal name Tanveer Ferdous Saeed
245 ## - TITLE STATEMENT
Title Environmental sanitation, wastewater treatment and disposal
250 ## - EDITION STATEMENT
Edition statement 1st ed.
260 ## - PUBLICATION, DISTRIBUTION, ETC. (IMPRINT)
Place of publication, distribution, etc. Dhaka
Name of publisher, distributor, etc. University Grants Commission of Bangladesh
Date of publication, distribution, etc. 2013
300 ## - PHYSICAL DESCRIPTION
Extent xvi, 343p. :
504 ## - BIBLIOGRAPHY, ETC. NOTE
Bibliography, etc Includes bibliographies
650 #0 - SUBJECT ADDED ENTRY--TOPICAL TERM
Topical term or geographic name as entry element Environmental engineering
650 #0 - SUBJECT ADDED ENTRY--TOPICAL TERM
Topical term or geographic name as entry element Sanitation engineering
700 ## - ADDED ENTRY--PERSONAL NAME
Personal name Abdullah Al-Muyeed
700 ## - ADDED ENTRY--PERSONAL NAME
Personal name Tanvir Ahmed
942 ## - ADDED ENTRY ELEMENTS (KOHA)
Koha item type General Book
Holdings
Koha item type Sublocation or collection (holding branch) Koha full call number Koha date last seen Shelving location Koha date last borrowed Koha normalized classification for sorting Copy number Not for loan Source of classification or shelving scheme Lost status Piece designation (barcode) Location (home branch) Koha issues (times borrowed) Date acquired Price effective from Damaged status Withdrawn status
General BookCentral Library, BUET628/TAN/20132014-07-22Circulation section 628TAN20131   112448Central Library, BUET 2014-07-222014-07-22  
General BookCentral Library, BUET628/TAN/20132016-11-16Circulation section 628TAN20132   112449Central Library, BUET 2014-07-222014-07-22  
General BookCentral Library, BUET628/TAN/20132014-07-22Circulation section 628TAN20133   112450Central Library, BUET 2014-07-222014-07-22  
General BookCentral Library, BUET628/TAN/20132014-07-22Circulation section 628TAN20134   112451Central Library, BUET 2014-07-222014-07-22  
General BookCentral Library, BUET628/TAN/20132014-07-22Circulation section 628TAN20135   112452Central Library, BUET 2014-07-222014-07-22  
General BookCentral Library, BUET628/TAN/20132016-10-18Circulation section 628TAN20136   112453Central Library, BUET 2014-07-222014-07-22  
General BookCentral Library, BUET628/TAN/20132016-01-18Circulation section 628TAN20137   112454Central Library, BUET 2014-07-222014-07-22  
General BookCentral Library, BUET628/TAN/20132020-02-23Circulation section2020-02-18628TAN20138   112455Central Library, BUET12014-07-222014-07-22  
General BookCentral Library, BUET628/TAN/20132014-07-22Circulation section 628TAN20139   112456Central Library, BUET 2014-07-222014-07-22  
General BookCentral Library, BUET628/TAN/20132016-12-03Circulation section 628TAN201310   112457Central Library, BUET 2014-07-222014-07-22